Suosituimmat poikien nimet 2025 - Statistics

Yleistilastot
  • Tätä visaa on pelattu 86 kertaa
  • Keskiarvotulos 20 / 50
Vastaustilastot
Nro Nimi % Oikein
6. Onni
70%
2. Leo
69%
3. Elias
64%
4. Väinö
64%
1. Eino
62%
5. Oliver
62%
34. Eemi
57%
14. Eeli
56%
46. Eetu
56%
44. Eemeli
54%
18. Eemil
54%
37. Luka
52%
20. Leevi
49%
24. Samuel
49%
32. Aapo
44%
31. Luukas
44%
30. Mikael
44%
16. Nooa
43%
15. Toivo
43%
11. Vilho
43%
29. Anton
41%
27. Lenni
41%
23. Viljami
41%
28. Daniel
39%
22. Joel
39%
40. Eelis
38%
9. Oiva
38%
26. Julius
36%
48. Kasper
36%
12. Noel
36%
7. Emil
34%
13. Hugo
34%
42. Viljo
34%
38. Veikko
33%
43. Lukas
31%
36. Urho
31%
8. Alvar
30%
45. Milo
28%
33. Aaron
26%
10. Aatos
26%
35. Eliel
26%
17. Otso
26%
21. Aarni
25%
50 Jooa
25%
41. Sulo
25%
25. Leon
21%
19. Edvin
15%
39. Aamos
13%
47. Max
13%
49. Mauno
5%
Ehtoja vastaavia visoja ei löytynyt
Tulosjakauma
Jokaisen tuloksen saaneiden osuus
Persentiili vastausten määrän mukaan
Tuloshistoriasi
Et ole pelannut tätä visaa